It looks like you're offline.
Open Library logo
additional options menu

MARC record from Internet Archive

LEADER: 01475cam 22003134a 4500
003 OCoLC
005 20060510111532.0
008 051017s2006 nju b 001 0deng
010 $a2005030021
015 $aGBA621142$2bnb
020 $a0691123241 (hardcover)
020 $a9780691123240
040 $aDLC$cDLC$dYDX$dBAKER$dUKM$dLMR$dIXA$dCOO
042 $apcc
050 00 $aTA1215$b.L47 2006
082 00 $a387.5/442
100 1 $aLevinson, Marc.
245 14 $aThe box :$bhow the shipping container made the world smaller and the world economy bigger /$cMarc Levinson.
260 $aPrinceton, N.J. :$bPrinceton University Press,$cc2006.
300 $axi, 376 p. :$bill., map ;$c24 cm.
504 $aIncludes bibliographical references (p. [343]-363) and index.
505 0 $aThe world the box made -- Gridlock on the docks -- The trucker -- The system -- The battle for New York's port -- Union disunion -- Setting the standard -- Takeoff -- Vietnam -- Ports in a storm -- Boom and bust -- The bigness complex -- The shippers' revenge -- Just in time.
600 10 $aMcLean, Malcolm Purcell,$d1913-2001.
650 0 $aContainerization$xHistory.
856 41 $zTable of contents$uhttp://www.loc.gov/catdir/toc/ecip062/2005030021.html
907 $a.b17124748$b12-09-07$c09-17-07
998 $a3cw$b09-17-07$cm$da$e-$feng$gnju$h4$i0
946 $acw$bjaj$c2007-09-17
945 $a387.5442 Lev$g0$i36431100720924$l3cwan$o $p$24.00$q $r $s-$t201$u0$v0$w0$x0$y.i22511702$z09-17-07